00987 2200397 4500001002100000005001500021035002000036008004100056245010200097100002000199260002600219300003100245020001800276084001600294082001000310650001800320250001000338700002600348700002300374990001200397990001200409990001200421990001200433990001200445990001200457990001200469990001200481990001200493990001200505990001200517990001200529990001200541990001200553990001200565990001200577INLIS00000000001631720230530020707 a0010-0523000077230530 e 1 ind 1 aPsycho Bank vol.4 /cNaoki Serizawa; alih bahasa, Nickyta Oliver Fonda; editor, Seryan Wira Ganda aSERIZAWA, Naoki aJakarta :bM&C,c2019 a187 hal. :bilus. ;c17 cm a9786024806019 a741.5 SER p a741.5 4aKOMIK. BACAAN acet.10 aNICKYTA, Oliver Fonda0 aSERYAN, Wira Ganda a11134 a a11134 b a11134 c a11134 d a11134 e a11134 f a11134 g a11134 h a11134 i a11134 j a11134 k a11134 l a11134 m a11134 n a11134 o a11134 p